<?xml version="1.0" encoding="UTF-8"?>
<record
    xmlns:xsi="http://www.w3.org/2001/XMLSchema-instance"
    xsi:schemaLocation="http://www.loc.gov/MARC21/slim http://www.loc.gov/standards/marcxml/schema/MARC21slim.xsd"
    xmlns="http://www.loc.gov/MARC21/slim">

  <leader>00782nam a2200253 a 4500</leader>
  <controlfield tag="001">BRL_829</controlfield>
  <controlfield tag="005">20190320210921.0</controlfield>
  <controlfield tag="008">141013s1999----au-ao#####---#000-0#ger-#</controlfield>
  <datafield tag="020" ind1=" " ind2=" ">
    <subfield code="a">3950097864</subfield>
  </datafield>
  <datafield tag="041" ind1=" " ind2=" ">
    <subfield code="a">ger</subfield>
  </datafield>
  <datafield tag="044" ind1=" " ind2=" ">
    <subfield code="a">au</subfield>
  </datafield>
  <datafield tag="050" ind1=" " ind2="4">
    <subfield code="a">HQ1147.A97</subfield>
    <subfield code="b">.F738 1999</subfield>
  </datafield>
  <datafield tag="245" ind1="1" ind2="0">
    <subfield code="a">Frauen in Wien</subfield>
    <subfield code="c">Ein Fotoband von Lisl Ponger ; mit Texten von Christa Bl&#xFC;mlinger und Sylvia Szely.</subfield>
  </datafield>
  <datafield tag="260" ind1=" " ind2=" ">
    <subfield code="a">Wien</subfield>
    <subfield code="b">Frauen B&#xFC;ro</subfield>
    <subfield code="c">1999</subfield>
  </datafield>
  <datafield tag="300" ind1=" " ind2=" ">
    <subfield code="a">123 p.</subfield>
    <subfield code="b">il., fotograf&#xED;as blanco y negro</subfield>
    <subfield code="c">29 cm.</subfield>
  </datafield>
  <datafield tag="500" ind1=" " ind2=" ">
    <subfield code="a">Au937</subfield>
  </datafield>
  <datafield tag="650" ind1="1" ind2="4">
    <subfield code="a">Mujeres</subfield>
    <subfield code="v">Biograf&#xED;a</subfield>
    <subfield code="z">Viena (Austria)</subfield>
    <subfield code="9">25064</subfield>
  </datafield>
  <datafield tag="650" ind1="1" ind2="4">
    <subfield code="a">Mujeres austriacas</subfield>
    <subfield code="x">Exiliados</subfield>
    <subfield code="9">25065</subfield>
  </datafield>
  <datafield tag="700" ind1="1" ind2=" ">
    <subfield code="a">Ponger, Lisl</subfield>
    <subfield code="e">il.</subfield>
    <subfield code="9">25066</subfield>
  </datafield>
  <datafield tag="700" ind1="1" ind2=" ">
    <subfield code="a">Bl&#xFC;mlinger, Christa</subfield>
    <subfield code="9">25067</subfield>
  </datafield>
  <datafield tag="700" ind1="1" ind2=" ">
    <subfield code="a">Szely, Sylvia</subfield>
    <subfield code="9">25068</subfield>
  </datafield>
  <datafield tag="902" ind1=" " ind2=" ">
    <subfield code="a">GRL</subfield>
  </datafield>
  <datafield tag="942" ind1=" " ind2=" ">
    <subfield code="2">lcc</subfield>
    <subfield code="c">B</subfield>
  </datafield>
  <datafield tag="999" ind1=" " ind2=" ">
    <subfield code="c">9641</subfield>
    <subfield code="d">9641</subfield>
  </datafield>
  <datafield tag="952" ind1=" " ind2=" ">
    <subfield code="0">0</subfield>
    <subfield code="1">0</subfield>
    <subfield code="4">0</subfield>
    <subfield code="7">0</subfield>
    <subfield code="a">BRL</subfield>
    <subfield code="b">BRL</subfield>
    <subfield code="d">2013-10-14</subfield>
    <subfield code="i">Au937</subfield>
    <subfield code="l">0</subfield>
    <subfield code="o">HQ1147.A97 .F738 1999 (Au937)</subfield>
    <subfield code="p">GRL00898</subfield>
    <subfield code="r">2019-03-22 00:00:00</subfield>
    <subfield code="w">2019-03-22</subfield>
    <subfield code="y">B</subfield>
  </datafield>
</record>
